000 00292nam a22001337a 4500
003 SGT
082 _a370
_bM14N
100 _aN.C.E.R.T.
245 _aMATHEMATICS TEXT BOOK FOR CLASS VII
260 _aNEW DELHI
_bNCERT PUB
_c2014
300 _a312
650 _aEDUCATION
942 _2ddc
_cBK
_01
999 _c12732
_d12732